| 000 | 00641nam a22002177a 4500 | ||
|---|---|---|---|
| 003 | 0 | ||
| 005 | 20250919153453.0 | ||
| 008 | 250919b xxu||||| |||| 00| 0 eng d | ||
| 020 | _a978-1-98468-566-7 | ||
| 050 |
_aQC 173 _b.T47 2024 |
||
| 100 | _a3G E-Learning LLC | ||
| 245 |
_aBasics of atoms / _c3G E-Learning LLC. |
||
| 260 |
_aNew York, NY : _b3G E-Learning LLC, _c2024. |
||
| 300 |
_a171 pages : _bcolored illustrations ; _c26 cm. |
||
| 504 | _aIncludes bibliographical references and index. | ||
| 650 | _aAtoms. | ||
| 650 | _aAtomic structure. | ||
| 650 | _aAtomic theory. | ||
| 650 |
_aMatter _xConstitution. |
||
| 942 |
_2lcc _cBK |
||
| 999 |
_c368048 _d368048 |
||